000 00535nam a2200193Ia 4500
005 20250508150754.0
008 008 250505s9999 xx 000 0 hin d
037 _aTextual
040 _aFEDL
_beng
_cFEDL
041 _ahin
_2hin
084 _a677.02861, THA
_qFEDL
100 _aSurya Dev Thakur
_9757597
245 0 _aKataee kala
260 _aBihar, India
_bBasic Education Board
_c1948
300 _a157p.
700 _a Sant Prashad
_9757598
942 _cTEXL
_h677.02861, THA
999 _c1325579
_d1325579